Responses for Show #4949 - Thursday, March 2, 2006

(Jon: Duty, honor, country: they'll come up in clues from West Point, next on Jeopardy!)

Contestants

[<< previous game]

Jack Deschauer, a public relations professional from Arlington, Virginia

Sharon Desser, a bookkeeper from New York, New York

Amit Bose, an attorney from Tucker, Georgia (whose 1-day cash winnings total $5,600)

[next game >>]

Jeopardy! Round responses

THE U.S. MILITARY ACADEMY AT WEST POINT
REMEMBERING RICKY NELSON
A CAT-EGORY
SCRAMBLED KEGS
(Alex: Anagrams of beer brands.)
19th CENTURY HISTORY
"WA" THIS WAY
    $200 4
the Hudson River

Sharon
    $200 26
"I'm Walkin'"

Jack
    $200 14
(Jack: What is red?)
(Sharon: What is blue?)

green

SharonJack
Triple Stumper
    $200 2
Corona

Triple Stumper
    $200 19
Trinidad

Sharon
    $200 1
WASPs

Jack
    $400 11
Patton

Amit
    $400 27
The Adventures of Ozzie & Harriet

Jack
    $400 15
Cornwall

Sharon
    $400 3
Pabst Blue Ribbon

Triple Stumper
    $400 20
Bill Hickok

Jack
    $400 5
the warpath

Amit
    $2,000 12
plebes

Amit
    $600 28
"Hello Mary Lou"

Triple Stumper
    $600 16
ears

Sharon
    $600 9
Guinness

Amit
    $600 21
Australia

Sharon
    $600 6
(Jack: What is water?)
(Alex: Be more specific.)
(Jack: ...What is watery?)

water bearer

SharonJack
    $800 13
Athena

Sharon
    $800 29
Gunnar (or Matthew)

Amit
    $800 17
Munchkins

Sharon
    $800 10
Sapporo

Jack
    $800 22
(Amit: What is the Whigs?)

the Republican Party

Amit
Triple Stumper
    $800 7
Wadsworth

Amit
    $1000 24
(Jack: What is the old grey line?)

the long grey line

Jack
Triple Stumper
    $1000 30
"Garden Party"

Triple Stumper
    $1000 18
a Siamese

Sharon
    $1000 25
Newcastle

Amit
    $1000 23
the Crimean War

Triple Stumper
    $1000 8
the Warsaw Pact

Sharon

Scores at the first commercial break (after clue 14):

Amit Sharon Jack
$4,200 $2,400 $200

Scores at the end of the Jeopardy! Round:

Amit Sharon Jack
$5,200 $6,000 $200

Double Jeopardy! Round responses

LITERARY PAIRS
POT LUCK
ADD A LETTER
(Alex: Each correct response will consist of two words. The words are almost exactly alike but with one letter difference. You [*] to get the second one.)
BEYOND
THE VALLEY
OF THE DOLLS
    $400 6
Pride

Jack
    $400 1
insects

Sharon
    $400 2
(Amit: What is bridge? ...What is [*] to [*]?)
(Alex: Thank you. Didn't I say we wanted two words? Okay, go again.)

bride & bridge

Amit
    $400 3
Exodus

Sharon
    $400 19
Harper Valley

Amit
    $400 13
Bratz

Triple Stumper
    $800 7
(Sharon: What is The Wind?)

Androcles

Sharon
Triple Stumper
    $800 18
the Atlas Mountains

Triple Stumper
    $800 4
(Sharon: Sorry.)

dog & doge

Sharon
    $800 12
Thomas

Sharon
    $800 20
Death Valley

Jack
    $800 27
[The end-of-round signal sounds.]

Sweden

Sharon
    $1200 8
Juno

Sharon
    $1200 24
Lincoln

Sharon
    $1200 5
reign & resign

Triple Stumper
    $1200 14
Lawrence Taylor

Jack
    $1200 21
the Valley of the Kings

Sharon
    $1600 9
Hero

Triple Stumper
    $1600 25
Charles Van Doren

Triple Stumper
    $1600 11
luster & bluster

Triple Stumper
    $1600 15
Eugene O'Neill

Sharon
    $1600 22
Yosemite

Triple Stumper
    $2000 10
War

Amit
    $2000 26
Percy Shelley

Triple Stumper
    $2000 17
(Sharon: What is crease?)

cease & crease

SharonJack
    $2000 16
Robert Graves

Triple Stumper
    $500 23
(Sharon: ...Sorry.)

the Neander Valley

Sharon

Scores at the end of the Double Jeopardy! Round:

Amit Sharon Jack
$8,000 $9,500 $4,600

[wagering suggestions for these scores]

Final Jeopardy! Round responses

THE VICE PRESIDENCY
(Alex: And once again, a 1-day champion with Amit. Sorry about that!)
JackWho are Truman & T. Roosevelt?
$4,600
AmitWho are Gerald Ford + Calvin Coolidge?
$6,600
SharonWho are T Roosevelt & LBJ
$6,499
(2 of) Theodore Roosevelt, Harry Truman & Gerald Ford

Final scores:

Amit Sharon Jack
$1,400 $3,001 $9,200
3rd place: $1,000 2nd place: $2,000 New champion: $9,200

Game dynamics:

Coryat scores:

Amit Sharon Jack
$6,600 $10,800 $4,600
10 R
(including 1 DD),
1 W
18 R,
5 W
(including 2 DDs)
9 R,
3 W

Combined Coryat: $22,000

[game clues] [game scores] [suggest correction]

Game tape date: Unknown
The J! Archive is created by fans, for fans. Scraping, republication, monetization, and malicious use prohibited; this site may use cookies and collect identifying information. See terms. The Jeopardy! game show and all elements thereof, including but not limited to copyright and trademark thereto, are the property of Jeopardy Productions, Inc. and are protected under law. This website is not affiliated with, sponsored by, or operated by Jeopardy Productions, Inc. Join the discussion at JBoard.tv.